000 00682nam a2200193Ia 4500
003 LDD
008 190117s9999 xx 000 0 und d
020 _a97881382590
_c₹250
040 _cLDD
041 _ahi
082 _a8H3.7 शि6406कु
100 _aशिरीष, उर्मिला
245 0 _aकुर्की और अन्य कहानियां
_cउर्मिला शिरीष
260 _aनई दिल्ली
_bसामायिक प्रकाशन
_c2012
300 _a143पृ.
901 _aKGP
904 _aReqst by : Jitendra Shriwastava
942 _2ddc
_cH
999 _c171699
_d171699